Boardroom realities : building leaders across your board (Record no. 445549)

000 -LEADER
fixed length control field 00450cam a22001457a 4500
008 - FIXED-LENGTH DATA ELEMENTS--GENERAL INFORMATION
fixed length control field 180718b2009 xxu||||| |||| 00| 0 eng d
020 ## - INTERNATIONAL STANDARD BOOK NUMBER
International Standard Book Number 9780470391785
082 ## - DEWEY DECIMAL CLASSIFICATION NUMBER
Classification number T3100 C76
245 ## - TITLE STATEMENT
Title Boardroom realities : building leaders across your board
Statement of responsibility, etc. edited by Jay A. Conger
260 ## - PUBLICATION, DISTRIBUTION, ETC.
Place of publication, distribution, etc. San Francisco
Name of publisher, distributor, etc. Jossey-bass
Date of publication, distribution, etc. 2009
300 ## - PHYSICAL DESCRIPTION
Extent 520p.
650 ## - SUBJECT ADDED ENTRY--TOPICAL TERM
Topical term or geographic name entry element Chief executive officers
650 ## - SUBJECT ADDED ENTRY--TOPICAL TERM
Topical term or geographic name entry element Directors of corporations
700 ## - ADDED ENTRY--PERSONAL NAME
Personal name Conger, Jay A.
Holdings
Withdrawn status Lost status Damaged status Not for loan Permanent Location Current Location Date acquired Full call number Barcode Date last seen Price effective from Koha item type
        Indian Institute of Public Administration Indian Institute of Public Administration 2017-03-30 T3100 C76 86908 2018-07-21 2018-07-21 Book

Powered by Koha